00249nam a2200109Ia 4500008004100000020001500041050000900056050001000065245002900075260001200104260002300116170203s9999 xx 000 0 und d a8178132761 aFic  b.C883 4aThe Crab and the Heron / aIndia : bSunrise Publishers